Sāhityacarcā. (Record no. 61188)

MARC details
000 -LEADER
fixed length control field 00505cam a22002171 4500
001 - CONTROL NUMBER
control field sa 64009014
003 - CONTROL NUMBER IDENTIFIER
control field DLC
005 - DATE AND TIME OF LATEST TRANSACTION
control field 20260227112058.0
008 - FIXED-LENGTH DATA ELEMENTS--GENERAL INFORMATION
fixed length control field 890621s1961 ii 000 0 beno
010 ## - LIBRARY OF CONGRESS CONTROL NUMBER
LC control number sa 64009014
035 ## - SYSTEM CONTROL NUMBER
System control number (OCoLC)19906536
040 ## - CATALOGING SOURCE
Original cataloging agency DLC
Transcribing agency WaU
Modifying agency DLC
042 ## - AUTHENTICATION CODE
Authentication code premarc
050 00 - LIBRARY OF CONGRESS CALL NUMBER
Classification number PK1701
Item number .B6
100 1# - MAIN ENTRY--PERSONAL NAME
Personal name Bose, Buddhadeva.
245 10 - TITLE STATEMENT
Title Sāhityacarcā.
260 ## - PUBLICATION, DISTRIBUTION, ETC.
Date of publication, distribution, etc. [1961]
300 ## - PHYSICAL DESCRIPTION
Extent 158 p.
Dimensions 22 cm.
500 ## - GENERAL NOTE
General note In Bengali.
650 #0 - SUBJECT ADDED ENTRY--TOPICAL TERM
Topical term or geographic name entry element Bengali literature.

No items available.

Powered by Koha